000 00978cam a2200205 4500
001 WB4006-06
008 040210n2004 000 0 eng u
035 _a(Sirsi) u125097
245 _aHousing Forum publishes satisfaction report
260 _c2004
490 _aBuilding
_v269(8318) 6 February 2004, 16(1)
520 _aThe Housing Forum has published its "2003 national customer satisfaction survey", which is designed to provide an analysis of the trends of customer satisfaction within the private house building industry over the last three years and form a guide to advise consumers of the above average performers in the industry this year. It found that satisfaction levels have fallen slightly. Table. Further details can be obtained from http://www.constructingexcellence.org.uk.
590 _aWB
590 _aWB
650 _aCUSTOMER SATISFACTION
650 _aHOUSE BUILDING INDUSTRY
650 _aHOUSE BUILDERS
690 _aHOUSING
942 _n0
999 _c117009
_d117009